[Event "Open Hradec Kralove 2019"]
[Site "Hradec Kralove"]
[Date "2019.10.29"]
[Round "5"]
[White "Swicarz, Maciej"]
[Black "Kratochvil, Vit"]
[Result "1-0"]
[WhiteElo "2356"]
[BlackElo "2197"]
[PlyCount "85"]
[EventDate "2019.10.26"]

1. c4 {[%emt 0:00:00]} c5 2. Nf3 g6 3. Nc3 Bg7 4. e3 Nf6 5. d4 O-O 6. Be2 cxd4
7. Nxd4 Nc6 8. O-O d6 9. Nxc6 bxc6 10. Bf3 Bb7 11. Rb1 Nd7 12. Qc2 Qc7 13. b3
Rfc8 14. Qd2 d5 15. cxd5 Ne5 16. Be4 Ng4 17. d6 exd6 18. g3 d5 19. Bg2 Ba6 20.
Re1 Ne5 21. Rd1 Rab8 22. Ba3 Rd8 23. Qc2 Qd7 24. Na4 Bb5 25. Nc5 Qg4 26. h3 Qh5
27. Bb2 Nf3+ 28. Bxf3 Qxf3 29. Bxg7 Kxg7 30. a4 Be2 31. Re1 Qh5 32. Qxe2 Qxh3
33. Qb2+ Kg8 34. Qf6 h5 35. Rbd1 Re8 36. Rd4 a5 37. Rf4 Rf8 38. Rh4 Qc8 39.
Rxh5 gxh5 40. Qg5+ Kh7 41. Qxh5+ Kg7 42. Qg5+ Kh7 43. Kg2 1-0

[Event "Open Hradec Kralove 2019"]
[Site "Hradec Kralove"]
[Date "2019.10.29"]
[Round "5"]
[White "Jirasek, Pavel"]
[Black "Dambrauskas, Virginijus"]
[Result "1/2-1/2"]
[WhiteElo "2310"]
[BlackElo "2219"]
[PlyCount "33"]
[EventDate "2019.10.26"]

1. c4 e6 2. g3 d5 3. Bg2 c6 4. Nf3 Nd7 5. Qc2 Bd6 6. d4 Ngf6 7. O-O Qe7 8. Nc3
O-O 9. e4 dxe4 10. Nxe4 Nxe4 11. Qxe4 e5 12. Qc2 exd4 13. Re1 Qf6 14. Bg5 Qg6
15. Qxg6 hxg6 16. Nxd4 f6 17. Be3 1/2-1/2

[Event "Open Hradec Kralove 2019"]
[Site "Hradec Kralove"]
[Date "2019.10.29"]
[Round "5"]
[White "Yakimenko, Alexander A"]
[Black "Cap, Piotr"]
[Result "0-1"]
[WhiteElo "2124"]
[BlackElo "1953"]
[PlyCount "130"]
[EventDate "2019.10.26"]

1. e4 {[%emt 0:00:00]} c6 2. Nf3 d5 3. Nc3 dxe4 4. Nxe4 Nf6 5. Nxf6+ exf6 6. d4
Bd6 7. Be2 O-O 8. h3 Re8 9. O-O Nd7 10. Re1 Nf8 11. Bf1 Rxe1 12. Qxe1 Bf5 13.
c3 Qd7 14. Be3 Re8 15. Qd2 Ng6 16. Re1 Bc7 17. Qd1 h6 18. Qa4 a6 19. c4 Nf4 20.
Qd1 Rd8 21. Qd2 Ne6 22. Rd1 Be4 23. Ne1 Ng5 24. h4 Qd6 25. g3 Ne6 26. Bg2 Bxg2
27. Nxg2 b5 28. d5 Qe5 29. Nf4 Qe4 30. Nxe6 fxe6 31. Qc1 Qxc4 32. dxe6 Rxd1+
33. Qxd1 Qxe6 34. b3 Bxg3 35. Qd8+ Kf7 36. h5 Bd6 37. Qa8 Qg4+ 38. Kf1 Qh3+ 39.
Ke1 Bb4+ 40. Ke2 Qxh5+ 41. f3 Qh2+ 42. Kd3 Qd6+ 43. Ke2 a5 44. Qb7+ Kg6 45. Qc8
f5 46. Qe8+ Kh7 47. Qe7 Qg6 48. Qd7 Bc3 49. f4 Qf6 50. Qe8 Bd4 51. Bd2 b4 52.
Kd3 c5 53. Kc2 Qg6 54. Qa8 Qe6 55. Qxa5 Qe4+ 56. Kc1 Be3 57. Qc7 Bxd2+ 58. Kxd2
Qg2+ 59. Ke1 Qxa2 60. Qxc5 Qb1+ 61. Kd2 Qe4 62. Qc7 h5 63. Kd1 h4 64. Qf7 Qf3+
65. Kc2 Qg4 0-1

[Event "Open Hradec Kralove 2019"]
[Site "Hradec Kralove"]
[Date "2019.10.29"]
[Round "5"]
[White "Trasak, Ondrej"]
[Black "Kornitzky, Tino"]
[Result "0-1"]
[WhiteElo "1984"]
[BlackElo "2077"]
[PlyCount "118"]
[EventDate "2019.10.26"]

1. d4 Nf6 2. Bf4 d5 3. e3 c5 4. c3 Nc6 5. Nd2 Bf5 6. Ngf3 Qb6 7. Nh4 Bd7 8. Qb3
c4 9. Qc2 Nh5 10. Bg3 g6 11. e4 e6 12. Be2 Nxg3 13. hxg3 Bg7 14. Nhf3 Qa5 15.
Nf1 Nxd4 16. Nxd4 Bxd4 17. exd5 exd5 18. Qd2 Bg7 19. Ne3 Be6 20. Rd1 Rd8 21. a3
Qc7 22. Nc2 O-O 23. O-O Rfe8 24. Nd4 Bd7 25. Bf3 Re5 26. Rfe1 Ba4 27. Rxe5 Bxe5
28. Re1 Bf6 29. Bd1 Bxd1 30. Rxd1 Qb6 31. Qe2 Kf8 32. Re1 Kg7 33. Rd1 Qc5 34.
Qe3 Qe7 35. Qxe7 Bxe7 36. Kf1 Bc5 37. f3 Bxd4 38. Rxd4 Kf6 39. g4 Ke6 40. Ke2
Rh8 41. Rf4 f6 42. Rd4 h5 43. gxh5 Rxh5 44. Ke3 Rh1 45. Rd2 Ke5 46. f4+ Kd6 47.
g3 b6 48. Kf3 f5 49. Kg2 Rh8 50. Re2 b5 51. Kf3 a5 52. Kg2 Rb8 53. Kf3 b4 54.
axb4 axb4 55. Re3 bxc3 56. bxc3 Rb3 57. Ke2 d4 58. cxd4 Rxe3+ 59. Kxe3 Kd5 0-1

[Event "Open Hradec Kralove 2019"]
[Site "Hradec Kralove"]
[Date "2019.10.29"]
[Round "5"]
[White "Syrkiewicz, Michal"]
[Black "Sabuk, Piotr"]
[Result "1/2-1/2"]
[WhiteElo "1928"]
[BlackElo "2373"]
[PlyCount "102"]
[EventDate "2019.10.26"]

1. e4 e5 2. Nf3 Nc6 3. Bc4 Nf6 4. d3 h6 5. c3 d6 6. h3 g6 7. a4 Bg7 8. O-O O-O
9. Re1 d5 10. exd5 Nxd5 11. Na3 a6 12. Nc2 Nb6 13. Bb3 Bf5 14. d4 Bxc2 15. Bxc2
exd4 16. Nxd4 Nxd4 17. cxd4 Re8 18. Rxe8+ Qxe8 19. Bb3 Qe4 20. Be3 c6 21. Qc2
Qxc2 22. Bxc2 Nc4 23. b3 Nxe3 24. fxe3 c5 25. Rd1 cxd4 26. exd4 Rd8 27. d5 Bf8
28. Be4 Bd6 29. Kf2 h5 30. Rc1 Kg7 31. Ke2 Kf6 32. Kd3 Kg5 33. Rc4 Kf6 34. Rc2
Ke7 35. Bf3 Be5 36. Rc4 Rb8 37. Re4 Kd6 38. Rc4 Bg3 39. Rc2 Be1 40. Re2 Bb4 41.
Re4 Bc5 42. Rf4 Rf8 43. Rc4 f5 44. Rc2 Re8 45. Re2 Rxe2 46. Kxe2 h4 47. Kd3 Kc7
48. Kc4 Bd6 49. b4 Kb6 50. a5+ Kc7 51. b5 axb5+ 1/2-1/2

[Event "Open Hradec Kralove 2019"]
[Site "Hradec Kralove"]
[Date "2019.10.29"]
[Round "5"]
[White "Horak, Jan"]
[Black "Kraus, Ondrej"]
[Result "1-0"]
[WhiteElo "2088"]
[BlackElo "1918"]
[PlyCount "57"]
[EventDate "2019.10.26"]

1. e4 c5 2. Nc3 Nc6 3. f4 e6 4. Nf3 Nge7 5. g3 d6 6. Bg2 g6 7. O-O Bg7 8. d3
Rb8 9. Ne2 Bd7 10. c3 b5 11. Be3 Qc7 12. Qd2 O-O 13. Rac1 Rfd8 14. h3 Re8 15.
Rfd1 Rbd8 16. Bf2 Nc8 17. d4 N6e7 18. Nh2 Bc6 19. g4 Qb7 20. Ng3 cxd4 21. cxd4
Nb6 22. b3 Rc8 23. g5 h5 24. gxh6 Bxh6 25. Be3 Qd7 26. Ng4 Bg7 27. d5 Bxd5 28.
Bxb6 Rxc1 29. Rxc1 1-0

[Event "Open Hradec Kralove 2019"]
[Site "Hradec Kralove"]
[Date "2019.10.29"]
[Round "5"]
[White "Jiruse, Josef"]
[Black "Drasnar, Lukas"]
[Result "1/2-1/2"]
[WhiteElo "1988"]
[BlackElo "1818"]
[PlyCount "74"]
[EventDate "2019.10.26"]

1. e4 e5 2. Nf3 Nc6 3. Bb5 a6 4. Ba4 d6 5. O-O Nf6 6. Re1 b5 7. Bb3 Be7 8. c3
Na5 9. Bc2 c5 10. d3 O-O 11. Nbd2 Qc7 12. Nf1 Nc6 13. Ne3 g6 14. h3 Bd7 15. Nh2
Rfe8 16. Nhg4 Qd8 17. a4 Nxg4 18. Nxg4 b4 19. Nh6+ Kg7 20. Bb3 Be6 21. Bxe6
fxe6 22. Ng4 Bg5 23. Be3 h5 24. Qd2 Bf4 25. Nh2 Qf6 26. g3 Bxe3 27. Rxe3 Rf8
28. Rf3 Qe7 29. h4 Rf6 30. Kg2 Raf8 31. Qe3 Qb7 32. Rxf6 Rxf6 33. Nf3 Qb6 34.
Qe1 Rf8 35. Ng5 Rf6 36. Nf3 Rf8 37. Ng5 Rf6 1/2-1/2

[Event "Open Hradec Kralove 2019"]
[Site "Hradec Kralove"]
[Date "2019.10.29"]
[Round "5"]
[White "Pavlicek, Lukas"]
[Black "Kalveus, Jan"]
[Result "0-1"]
[WhiteElo "1952"]
[BlackElo "1777"]
[PlyCount "82"]
[EventDate "2019.10.26"]

1. c4 f5 2. Nc3 Nf6 3. g3 e5 4. Bg2 c6 5. d4 d6 6. e4 Qb6 7. dxe5 dxe5 8. Qe2
Bc5 9. Bd2 Bd4 10. Nf3 O-O 11. Nxd4 exd4 12. Na4 Qc7 13. e5 Ne4 14. Bxe4 fxe4
15. Qxe4 Re8 16. f4 c5 17. Qd5+ Be6 18. Qxc5 Nc6 19. b3 b6 20. Qa3 Nxe5 21.
fxe5 Qxe5+ 22. Kd1 b5 23. Nb2 d3 24. Re1 Bg4+ 25. Kc1 Qd4 26. Qb4 Rxe1+ 27.
Bxe1 Re8 28. a3 Qe3+ 29. Kb1 Qxe1+ 30. Qxe1 Rxe1+ 31. Ka2 Re2 32. cxb5 d2 33.
a4 d1=Q 34. Rxd1 Rxb2+ 35. Kxb2 Bxd1 36. Kc3 Kf8 37. Kb4 Ke7 38. a5 Kd6 39. b6
axb6 40. axb6 Kc6 41. Ka5 Kb7 0-1

[Event "Open Hradec Kralove 2019"]
[Site "Hradec Kralove"]
[Date "2019.10.29"]
[Round "5"]
[White "Smolej, Lukas"]
[Black "Svec, Ludek"]
[Result "0-1"]
[WhiteElo "1996"]
[BlackElo "1587"]
[PlyCount "96"]
[EventDate "2019.10.26"]

1. d4 Nf6 2. Nc3 e6 3. Bg5 Be7 4. Nf3 d5 5. Bxf6 Bxf6 6. e4 c6 7. e5 Be7 8. Bd3
Nd7 9. Qd2 a6 10. h4 c5 11. Ng5 Bxg5 12. hxg5 cxd4 13. g6 dxc3 14. Rxh7 Rxh7
15. gxh7 Qh4 16. Qe3 Nf8 17. O-O-O cxb2+ 18. Kxb2 Nxh7 19. g3 Qb4+ 20. Kc1 Nf8
21. Rh1 Bd7 22. Rh4 Qa3+ 23. Kd2 Rc8 24. Qb6 Qc5 25. Qxb7 Qxf2+ 26. Kd1 Qg1+
27. Kd2 Qxg3 28. Rh8 Qxe5 29. Qb4 Qg5+ 30. Kd1 Qe7 31. Qb7 Qd6 32. Qb2 e5 33.
Ke1 Rb8 34. Qc1 Qb4+ 35. Ke2 Bg4+ 36. Kf2 Qf4+ 37. Qxf4 exf4 38. Bxa6 Ke7 39.
a4 Nd7 40. Rh4 Nf6 41. Bb5 g5 42. Rh1 Rc8 43. Rc1 Ne4+ 44. Kg1 Nc3 45. Re1+ Kd6
46. Be8 Be6 47. Bb5 Nxb5 48. axb5 Rb8 0-1

[Event "Open Hradec Kralove 2019"]
[Site "Hradec Kralove"]
[Date "2019.10.29"]
[Round "5"]
[White "Bullen, Alex"]
[Black "von Keyserlingk, Chanda"]
[Result "1-0"]
[WhiteElo "2139"]
[BlackElo "1721"]
[PlyCount "39"]
[EventDate "2019.10.26"]

1. d4 d5 2. Nf3 e6 3. c4 Nf6 4. g3 Be7 5. Bg2 O-O 6. O-O dxc4 7. Qc2 Nc6 8.
Qxc4 Qd5 9. Qa4 b5 10. Qd1 Qh5 11. Nh4 Bb7 12. Bf3 Ng4 13. h3 f5 14. e4 Qf7 15.
hxg4 Rad8 16. exf5 exf5 17. Nxf5 Bf6 18. Qb3 Qxb3 19. axb3 Bxd4 20. Bxc6 1-0

[Event "Open Hradec Kralove 2019"]
[Site "Hradec Kralove"]
[Date "2019.10.29"]
[Round "5"]
[White "Marinc, Damir"]
[Black "Kacirek, Pavel"]
[Result "1-0"]
[WhiteElo "1874"]
[BlackElo "1689"]
[PlyCount "95"]
[EventDate "2019.10.26"]

1. c4 e5 2. d4 exd4 3. Qxd4 Nc6 4. Qd1 Nf6 5. Nc3 Bb4 6. Bd2 O-O 7. a3 Be7 8.
e4 d6 9. h3 Nd7 10. Nf3 Nde5 11. Be3 f5 12. exf5 Bxf5 13. Nd4 Nxd4 14. Qxd4 Bf6
15. Qd2 Be6 16. Nd5 c6 17. Nxf6+ Qxf6 18. Rc1 Qf7 19. Qc3 Nd7 20. Bd3 d5 21.
Qc2 Nf6 22. O-O dxc4 23. Bxc4 Bxc4 24. Qxc4 Qxc4 25. Rxc4 Nd5 26. Bc5 Rfe8 27.
Rg4 g6 28. Bd4 a6 29. h4 Kf7 30. f3 h5 31. Re4 Kg8 32. Rfe1 Kf7 33. Kf2 Rxe4
34. fxe4 Ne7 35. Ke3 Rf8 36. Rf1+ Ke8 37. Rxf8+ Kxf8 38. Kf4 Kf7 39. Ke5 Nc8
40. Bc5 b6 41. Be3 Ke7 42. Bg5+ Kf7 43. b3 a5 44. a4 b5 45. Bd8 bxa4 46. bxa4
Ke8 47. Bxa5 Kd7 48. Kf6 1-0

[Event "Open Hradec Kralove 2019"]
[Site "Hradec Kralove"]
[Date "2019.10.29"]
[Round "5"]
[White "Macho, Miloslav"]
[Black "Svetly, Jiri"]
[Result "1-0"]
[WhiteElo "1662"]
[BlackElo "1912"]
[PlyCount "101"]
[EventDate "2019.10.26"]

1. e4 d6 2. Nc3 c5 3. g3 g6 4. Bg2 Nc6 5. Nf3 Bg7 6. d3 e5 7. Bg5 f6 8. Bd2 Bg4
9. Qc1 Nge7 10. Bh6 O-O 11. Bxg7 Kxg7 12. O-O Bxf3 13. Bxf3 Nd4 14. Bg2 b5 15.
Qd2 a5 16. Ne2 Qb6 17. c3 Nxe2+ 18. Qxe2 b4 19. Bh3 bxc3 20. bxc3 Rfb8 21. Rfc1
a4 22. Be6 Ra7 23. Rc2 Rab7 24. Kg2 Qa5 25. Bc4 Rb6 26. Rf1 Qa8 27. Kh3 Qb7 28.
f4 Nc6 29. Bd5 Qd7+ 30. Kg2 a3 31. Bb3 Na5 32. fxe5 dxe5 33. Qf2 Nxb3 34. axb3
Qxd3 35. Ra2 Qxe4+ 36. Kh3 Qc6 37. Rxa3 Rxb3 38. Ra7+ R8b7 39. Rxb7+ Rxb7 40.
Ra1 Qe6+ 41. Kg2 Qd5+ 42. Kh3 f5 43. Ra5 Rc7 44. Qb2 g5 45. Qb6 g4+ 46. Kh4
Qd8+ 47. Kh5 Qe8+ 48. Kg5 Qe7+ 49. Kxf5 h6 50. Qg6+ Kh8 51. Ra8+ 1-0

[Event "Open Hradec Kralove 2019"]
[Site "Hradec Kralove"]
[Date "2019.10.29"]
[Round "5"]
[White "Berka, Lubos"]
[Black "Gloser, Tomas"]
[Result "1-0"]
[WhiteElo "1713"]
[BlackElo "1431"]
[PlyCount "71"]
[EventDate "2019.10.26"]

1. e4 c5 2. Nc3 d6 3. g3 Nf6 4. Bg2 Nc6 5. d3 e6 6. Nge2 Be7 7. O-O Nd7 8. Be3
O-O 9. f4 f5 10. exf5 exf5 11. Nd5 Nf6 12. Nec3 a6 13. Re1 Re8 14. Qd2 Kh8 15.
Nxe7 Rxe7 16. Bf2 Rxe1+ 17. Rxe1 Qd7 18. Re2 b5 19. Qe1 Bb7 20. Nd5 Nxd5 21.
Bxd5 g6 22. Qc3+ Qg7 23. Qxg7+ Kxg7 24. Re6 c4 25. Rxd6 Rd8 26. Rxd8 Nxd8 27.
Bd4+ Kf8 28. dxc4 Bxd5 29. cxd5 Ke7 30. Be5 Nb7 31. b3 b4 32. Kf2 a5 33. Ke3
Kd7 34. Kd4 h6 35. Bg7 h5 36. Be5 1-0

[Event "Open Hradec Kralove 2019"]
[Site "Hradec Kralove"]
[Date "2019.10.30"]
[Round "6"]
[White "Chkhaidze, Nikoloz"]
[Black "Swicarz, Maciej"]
[Result "1-0"]
[WhiteElo "2333"]
[BlackElo "2356"]
[PlyCount "77"]
[EventDate "2019.10.26"]

1. c4 {[%emt 0:00:00]} e6 2. g3 d5 3. Nf3 c6 4. Bg2 Nf6 5. O-O Be7 6. b3 O-O 7.
Bb2 a5 8. d4 b5 9. c5 Nfd7 10. Nbd2 Na6 11. e4 Qc7 12. Re1 Nb4 13. Qb1 dxe4 14.
Nxe4 a4 15. a3 Nd5 16. b4 N7f6 17. Ne5 Nd7 18. h4 f5 19. Nd2 Nxe5 20. dxe5 Bd7
21. Bxd5 cxd5 22. Nf3 Bc6 23. Nd4 Qd7 24. Qd1 Rf7 25. Bc1 g6 26. Bg5 h5 27. Qd2
Bf8 28. Bf6 Re8 29. Re2 Kh7 30. Rae1 Bh6 31. Qd3 Ref8 32. f3 Kg8 33. g4 Bf4 34.
gxf5 Rxf6 35. exf6 e5 36. Rxe5 Bxe5 37. Rxe5 Rxf6 38. Re6 Kg7 39. Qe3 1-0

[Event "Open Hradec Kralove 2019"]
[Site "Hradec Kralove"]
[Date "2019.10.30"]
[Round "6"]
[White "Weinzettl, Ernst"]
[Black "Sorm, Daniel"]
[Result "0-1"]
[WhiteElo "2175"]
[BlackElo "2299"]
[PlyCount "88"]
[EventDate "2019.10.26"]

1. e4 c5 2. Nf3 Nc6 3. d4 cxd4 4. Nxd4 Nf6 5. Nc3 d6 6. Bc4 Qb6 7. Nb3 e6 8.
Be3 Qc7 9. Qe2 Be7 10. Bd3 O-O 11. f4 a6 12. g4 b5 13. g5 Nd7 14. f5 b4 15. Na4
Rd8 16. fxe6 fxe6 17. Bc4 Nc5 18. Nbxc5 dxc5 19. O-O Ne5 20. Bf4 Bd6 21. Rad1
Nxc4 22. e5 Nxe5 23. Bxe5 Bb7 24. Rxd6 Rxd6 25. Qf2 Bd5 26. Nxc5 Bc4 27. Bxd6
Qxd6 28. Ne4 Qe7 29. Re1 Bd5 30. Qg3 Qa7+ 31. Qe3 Qc7 32. c3 Rb8 33. cxb4 Rxb4
34. Nf2 Rxb2 35. Rc1 Rc2 36. Rd1 Rc3 37. Qd4 Rc4 38. Qe3 Rc3 39. Qd4 Rc1 40. a3
Qc2 41. h3 Rxd1+ 42. Qxd1 Qc3 43. Qb1 Qg3+ 44. Kf1 Bc4+ 0-1

[Event "Open Hradec Kralove 2019"]
[Site "Hradec Kralove"]
[Date "2019.10.30"]
[Round "6"]
[White "Cap, Piotr"]
[Black "Jirasek, Pavel"]
[Result "1/2-1/2"]
[WhiteElo "1953"]
[BlackElo "2310"]
[PlyCount "59"]
[EventDate "2019.10.26"]

1. d4 Nf6 2. Bg5 e6 3. e4 h6 4. Bxf6 Qxf6 5. c3 d5 6. Nd2 c5 7. Ngf3 Nc6 8. Bb5
cxd4 9. Nxd4 Bd7 10. O-O Be7 11. exd5 exd5 12. Qf3 O-O 13. N2b3 Qg5 14. Qg3
Qxg3 15. hxg3 a6 16. Be2 Ne5 17. Nd2 b5 18. Bf3 Nxf3+ 19. N2xf3 Bf6 20. Rfd1
Rfd8 21. Rd2 a5 22. a3 Rab8 23. Nc2 Be6 24. Rad1 Kf8 25. Ne3 b4 26. cxb4 axb4
27. Nxd5 Bxd5 28. Rxd5 Rxd5 29. Rxd5 Bxb2 30. axb4 1/2-1/2

[Event "Open Hradec Kralove 2019"]
[Site "Hradec Kralove"]
[Date "2019.10.30"]
[Round "6"]
[White "Kornitzky, Tino"]
[Black "Dambrauskas, Virginijus"]
[Result "1/2-1/2"]
[WhiteElo "2077"]
[BlackElo "2219"]
[PlyCount "85"]
[EventDate "2019.10.26"]

1. d4 Nf6 2. c4 e6 3. g3 Bb4+ 4. Bd2 a5 5. Bg2 O-O 6. Nf3 d6 7. O-O Bxd2 8.
Qxd2 Nc6 9. Nc3 e5 10. d5 Ne7 11. e4 Nd7 12. Ne1 f5 13. exf5 Nxf5 14. Nc2 Nf6
15. Rae1 Bd7 16. f4 exf4 17. Rxf4 Ne7 18. Nd4 Ng6 19. Ne6 Bxe6 20. dxe6 Rb8 21.
Nd5 Nxd5 22. Bxd5 Kh8 23. Rxf8+ Qxf8 24. Qxa5 c6 25. Bg2 Qe7 26. Bh3 Ne5 27.
Qc3 Rf8 28. Rf1 Rxf1+ 29. Kxf1 Qf6+ 30. Kg2 g5 31. c5 d5 32. Kg1 g4 33. Bxg4 d4
34. Qe1 Kg7 35. h3 h5 36. Bxh5 Qxe6 37. Qe4 d3 38. Qf4 Qd5 39. Qg5+ Kf8 40.
Qf6+ Kg8 41. Qg5+ Kf8 42. Qf6+ Kg8 43. Qg5+ 1/2-1/2

[Event "Open Hradec Kralove 2019"]
[Site "Hradec Kralove"]
[Date "2019.10.30"]
[Round "6"]
[White "Kratochvil, Vit"]
[Black "Solc, Filip"]
[Result "1-0"]
[WhiteElo "2197"]
[BlackElo "2073"]
[PlyCount "61"]
[EventDate "2019.10.26"]

1. e4 {[%emt 0:00:00]} c5 2. Nf3 Nc6 3. d4 cxd4 4. Nxd4 Nf6 5. Nc3 e5 6. Ndb5
d6 7. Bg5 a6 8. Na3 b5 9. Bxf6 gxf6 10. Nd5 f5 11. g3 fxe4 12. Bg2 Be6 13. Bxe4
Rc8 14. c3 Bg7 15. Qd3 h6 16. Nc2 O-O 17. Nce3 Ne7 18. Rd1 f5 19. Nxe7+ Qxe7
20. Qxd6 Qf7 21. Qxe6 Qxe6 22. Bd5 Rce8 23. Bxe6+ Rxe6 24. Rd7 Rf7 25. Rxf7
Kxf7 26. Nxf5 Bf8 27. Ke2 Rf6 28. Ne3 Ke6 29. Rd1 Bc5 30. Rd8 Rf7 31. Rc8 1-0

[Event "Open Hradec Kralove 2019"]
[Site "Hradec Kralove"]
[Date "2019.10.30"]
[Round "6"]
[White "Chudinovskikh, Alexander M"]
[Black "Gloser, David"]
[Result "1/2-1/2"]
[WhiteElo "2159"]
[BlackElo "1998"]
[PlyCount "70"]
[EventDate "2019.10.26"]

1. e4 c6 2. Nf3 d5 3. Nc3 Bg4 4. h3 Bxf3 5. Qxf3 e6 6. g3 Nf6 7. Bg2 Nbd7 8.
O-O Ne5 9. Qd1 d4 10. Ne2 d3 11. Nf4 a5 12. Nxd3 Nxd3 13. cxd3 Qxd3 14. e5 Nd7
15. b3 Bc5 16. Qg4 Qd4 17. Qxg7 O-O-O 18. Rb1 Rdg8 19. Qxf7 Qd3 20. Kh2 Qxb1
21. d4 Bb6 22. Qxe6 Qg6 23. Qc4 Bc7 24. Bf4 Rd8 25. Qc3 Nf8 26. Rc1 Ne6 27. Be3
Kb8 28. b4 Rd5 29. Bxd5 cxd5 30. bxa5 Rc8 31. a6 Nd8 32. axb7 Nxb7 33. Qb3 Qe6
34. Rc5 Rd8 35. Rb5 Qc6 1/2-1/2

[Event "Open Hradec Kralove 2019"]
[Site "Hradec Kralove"]
[Date "2019.10.30"]
[Round "6"]
[White "Sabuk, Piotr"]
[Black "Gromczak, Dariusz"]
[Result "1-0"]
[WhiteElo "2373"]
[BlackElo "1818"]
[PlyCount "85"]
[EventDate "2019.10.26"]

1. d4 b6 2. e4 Bb7 3. Bd3 e6 4. Nf3 g6 5. c4 Bg7 6. Nc3 d6 7. O-O Ne7 8. Be3
Nd7 9. a4 a5 10. Re1 O-O 11. Qe2 e5 12. dxe5 Nxe5 13. Nxe5 dxe5 14. c5 Nc6 15.
Nb5 Nd4 16. Bxd4 exd4 17. cxb6 cxb6 18. f4 Rc8 19. e5 Qd7 20. Nd6 Rc5 21. Rac1
Rxc1 22. Rxc1 Bd5 23. Bc4 Qe6 24. Bxd5 Qxd5 25. Qb5 Qxb5 26. axb5 g5 27. g3
gxf4 28. gxf4 Bh6 29. Rf1 Rd8 30. Kg2 Bf8 31. Ne4 Be7 32. Rd1 Rd5 33. Kf3 Rxb5
34. Rxd4 Rxb2 35. f5 Rc2 36. Rd7 Bh4 37. f6 Rc8 38. Nd6 Rf8 39. Kg4 Bf2 40. Nf5
h6 41. Nxh6+ Kh7 42. Nxf7 Kg6 43. Ng5 1-0

[Event "Open Hradec Kralove 2019"]
[Site "Hradec Kralove"]
[Date "2019.10.30"]
[Round "6"]
[White "Aird, Ian"]
[Black "Bullen, Alex"]
[Result "0-1"]
[WhiteElo "1853"]
[BlackElo "2139"]
[PlyCount "84"]
[EventDate "2019.10.26"]

1. e4 c6 2. Nc3 d5 3. Nf3 Bg4 4. h3 Bxf3 5. Qxf3 e6 6. Be2 Nd7 7. d4 dxe4 8.
Nxe4 Ngf6 9. O-O Nxe4 10. Qxe4 Nf6 11. Qd3 Bd6 12. b3 O-O 13. Bb2 Nd5 14. g3
Qg5 15. h4 Qe7 16. c4 Nf6 17. Rfe1 Rad8 18. Qf3 Ba3 19. Bc3 Bb4 20. Rad1 Rd7
21. Bf1 Rfd8 22. Bg2 a5 23. Qe3 Bxc3 24. Qxc3 Qb4 25. Qa1 Qb6 26. d5 cxd5 27.
cxd5 Nxd5 28. Qe5 Qd6 29. Qh5 Qb4 30. Qe5 Nf6 31. Rxd7 Rxd7 32. Rc1 h6 33. h5
Kh7 34. Bf3 b6 35. Kg2 Qd6 36. Be4+ Nxe4 37. Qxe4+ f5 38. Qe3 Kg8 39. Rc2 Kf7
40. Kh2 Qd3 41. Qc1 Qf3 42. Qe3 Qxh5+ 0-1

[Event "Open Hradec Kralove 2019"]
[Site "Hradec Kralove"]
[Date "2019.10.30"]
[Round "6"]
[White "Sadek, Vojtech"]
[Black "Kersten, Julian"]
[Result "0-1"]
[WhiteElo "1846"]
[BlackElo "2015"]
[PlyCount "54"]
[EventDate "2019.10.26"]

1. e4 {[%emt 0:00:00]} e6 2. d3 d5 3. Qe2 dxe4 4. dxe4 e5 5. Nc3 Nc6 6. Be3 Bb4
7. Nf3 Nf6 8. Rd1 Qe7 9. Bd2 Bg4 10. Qb5 O-O-O 11. Qa4 Bxf3 12. gxf3 Nd4 13.
Be2 Kb8 14. a3 Bxc3 15. Bxc3 c5 16. Bxd4 cxd4 17. Rd3 Nh5 18. Rb3 Nf4 19. Ba6
Rd7 20. Rg1 g6 21. Bd3 Rc8 22. Rg3 Rdc7 23. Kd2 Qh4 24. h3 Nxh3 25. Rxh3 Qxh3
26. Qb5 Qh6+ 27. Ke2 Rxc2+ 0-1

[Event "Open Hradec Kralove 2019"]
[Site "Hradec Kralove"]
[Date "2019.10.30"]
[Round "6"]
[White "Smietanska, Wiktoria"]
[Black "Marinc, Damir"]
[Result "0-1"]
[WhiteElo "1704"]
[BlackElo "1874"]
[PlyCount "78"]
[EventDate "2019.10.26"]

1. c4 c5 2. Nf3 Nf6 3. Nc3 Nc6 4. g3 d5 5. cxd5 Nxd5 6. Bg2 Nc7 7. d3 e5 8. O-O
Be7 9. Be3 Ne6 10. Nd2 h5 11. h4 g5 12. hxg5 Bxg5 13. Bxg5 Nxg5 14. Nce4 Nh3+
15. Kh2 h4 16. g4 Nf4 17. Bf3 Nd4 18. Rg1 Rg8 19. Nxc5 Nxf3+ 20. Nxf3 Qe7 21.
Ne4 Rxg4 22. e3 Ng6 23. Rc1 Rxg1 24. Qxg1 Kf8 25. Nc3 Qd7 26. Qf1 b6 27. e4 Qg4
28. Ng1 Qf4+ 29. Kh1 h3 30. Nd5 Qg5 31. Rc2 Kg7 32. Kh2 Bd7 33. Rc7 Be6 34. Ne3
Qf4+ 35. Kh1 h2 36. Ne2 Qf3+ 37. Ng2 Bh3 38. Rc2 Nh4 39. Kxh2 Bxg2 0-1

[Event "Open Hradec Kralove 2019"]
[Site "Hradec Kralove"]
[Date "2019.10.30"]
[Round "6"]
[White "Jaworski, Tymon"]
[Black "Pavlicek, Lukas"]
[Result "1/2-1/2"]
[WhiteElo "1540"]
[BlackElo "1952"]
[PlyCount "49"]
[EventDate "2019.10.26"]

1. d4 Nf6 2. Bf4 g6 3. Nc3 Bg7 4. e4 d6 5. Nf3 c6 6. Qd2 c5 7. a3 h5 8. Be2
Nbd7 9. e5 dxe5 10. Nxe5 Nxe5 11. Bxe5 O-O 12. O-O Be6 13. Bf3 Nd5 14. Bxg7
Kxg7 15. Nxd5 Bxd5 16. Bxd5 Qxd5 17. Qe3 Rad8 18. c3 e6 19. f3 Rd7 20. Rfe1
Rfd8 21. Qe5+ Qxe5 22. Rxe5 Rd5 23. Rae1 Kf6 24. Kf2 Ke7 25. Rxd5 1/2-1/2

[Event "Open Hradec Kralove 2019"]
[Site "Hradec Kralove"]
[Date "2019.10.30"]
[Round "6"]
[White "Stehlik, Pavel"]
[Black "Korinkova, Eva"]
[Result "1/2-1/2"]
[WhiteElo "1476"]
[BlackElo "1797"]
[PlyCount "51"]
[EventDate "2019.10.26"]

1. d4 Nf6 2. Bf4 d6 3. Nf3 g6 4. Nbd2 Bg7 5. e4 Nh5 6. Be3 O-O 7. Bc4 Nc6 8. c3
a6 9. a4 Bd7 10. O-O Nf6 11. e5 dxe5 12. Nxe5 Be8 13. Ndf3 Nxe5 14. Nxe5 Nd7
15. f4 Nb6 16. Bb3 Nd5 17. Bd2 f6 18. Ng4 Bf7 19. Rf3 Qd6 20. f5 c5 21. c4 Nc7
22. d5 b5 23. Bf4 Qd7 24. Nh6+ Bxh6 25. Bxh6 Rfd8 26. fxg6 1/2-1/2

[Event "Open Hradec Kralove 2019"]
[Site "Hradec Kralove"]
[Date "2019.10.30"]
[Round "6"]
[White "Portych, Vaclav"]
[Black "Gupta, Sara"]
[Result "1/2-1/2"]
[WhiteElo "1774"]
[BlackElo "1635"]
[PlyCount "76"]
[EventDate "2019.10.26"]

1. c4 e6 2. Nf3 d5 3. cxd5 exd5 4. g3 c5 5. Bg2 Nf6 6. b3 Nc6 7. Bb2 Be7 8. O-O
O-O 9. d4 b5 10. dxc5 b4 11. Nbd2 Bb7 12. Nd4 Nxd4 13. Bxd4 Nd7 14. Rc1 Bc6 15.
Nf3 Qa5 16. Qc2 Rfc8 17. Ne5 Nxe5 18. Bxe5 Bb7 19. Qb2 f6 20. Bd6 Bxd6 21. cxd6
Rd8 22. Rc7 Qb6 23. Rfc1 Rxd6 24. Qd2 Rad8 25. Qf4 Rc6 26. Bh3 Rdd6 27. R7xc6
Rxc6 28. Rd1 Rc2 29. Qd4 Rxa2 30. Qxb6 axb6 31. e3 Rb2 32. Be6+ Kf8 33. Bxd5
Bxd5 34. Rxd5 Rxb3 35. Rb5 Rb1+ 36. Kg2 b3 37. Kf3 Ke7 38. Rxb6 Kd7 1/2-1/2

[Event "Open Hradec Kralove 2019"]
[Site "Hradec Kralove"]
[Date "2019.10.30"]
[Round "6"]
[White "Stodola, Zdenek"]
[Black "Endler, Boris"]
[Result "1-0"]
[WhiteElo "1523"]
[BlackElo "1699"]
[PlyCount "41"]
[EventDate "2019.10.26"]

1. d4 Nf6 2. c4 g6 3. Nc3 Bg7 4. e4 d6 5. f3 O-O 6. Be3 e5 7. d5 Nbd7 8. Qd2 a6
9. a4 Ne8 10. Bd3 f5 11. Nge2 f4 12. Bf2 Ndf6 13. b4 Bd7 14. c5 c6 15. a5 cxd5
16. exd5 Nc7 17. cxd6 Ncxd5 18. Nxd5 Nxd5 19. Bc4 Kh8 20. Bxd5 e4 21. Bd4 1-0

[Event "Open Hradec Kralove 2019"]
[Site "Hradec Kralove"]
[Date "2019.10.30"]
[Round "6"]
[White "Kacirek, Pavel"]
[Black "Sharon, Rafael"]
[Result "0-1"]
[WhiteElo "1689"]
[BlackElo "1540"]
[PlyCount "42"]
[EventDate "2019.10.26"]

1. d4 Nf6 2. Nd2 d5 3. Ngf3 Bf5 4. e3 c6 5. Be2 h6 6. b3 e6 7. Bb2 Bd6 8. c4
Nbd7 9. Rc1 O-O 10. O-O b6 11. cxd5 cxd5 12. Rc6 Qe7 13. Ne5 Nb8 14. Rc1 Qb7
15. Bf3 Nbd7 16. Ndc4 Be7 17. Nxd7 Nxd7 18. Qe2 Qa6 19. Na3 Bd3 20. Qd2 Bxf1
21. Rc7 Bxa3 0-1